| 000 | 00504cam a2200205ua 4500 | ||
|---|---|---|---|
| 020 |
_a81-7029-641-2 _c350.00 |
||
| 041 |
_aeng _h |
||
| 082 |
_a005.43 _bCOW/MA |
||
| 100 | _aCowart, Robert . | ||
| 245 |
_aMastering windows 95 / _cRobert Cowart. _hTextual Documents |
||
| 250 |
_a1 / _b. |
||
| 260 |
_aNew Delhi : _bBPB Publications , _c1995. |
||
| 300 | _a1156 ; . | ||
| 365 | _a350.00 | ||
| 500 | _a18978 CSS | ||
| 504 | _a | ||
| 942 | _cBK | ||
| 999 |
_c112 _d112 |
||